[Event "37th ECC Women 2022"]
[Site "Mayrhofen AUT"]
[Date "2022.10.03"]
[Round "1.6"]
[Board "1"]
[White "Rakhmangulova, Anastasiya"]
[Black "Kashlinskaya, Alina"]
[Result "1-0"]
[WhiteTitle "WIM"]
[BlackTitle "IM"]
[WhiteElo "2261"]
[BlackElo "2482"]
[WhiteTeam "Haifa-Nesher"]
[BlackTeam "BGK KS Gwiazda Bydgoszcz"]
[WhiteFideId "14117479"]
[BlackFideId "4198026"]
[EventDate "2022.10.03"]

1. e4 e5 2. Nf3 Nc6 3. Bb5 a6 4. Bxc6 dxc6 5. O-O Qf6 6. d4 exd4 7. Qxd4 Qxd4 8.
Nxd4 Bd7 9. Nc3 O-O-O 10. Bg5 Ne7 11. Rad1 f6 12. Be3 Ng6 13. f4 Bd6 14. h3 Rde8
15. Nb3 Be6 16. a3 Bc4 17. Rf2 h5 18. g3 b6 19. Kg2 c5 20. Kf3 Be6 21. Kg2 Bd7
22. Nd2 h4 23. g4 Bc6 24. Kf3 b5 25. Nb3 c4 26. Nd4 Bb7 27. Nf5 Bf8 28. Nd5 Rg8
29. Rfd2 Ne7 30. Nb6+ cxb6 31. Nd6+ Kb8 32. Nxe8 Nc8 33. f5 b4 34. Bf4+ Ka7 35.
Nc7 g5 36. fxg6 Rxg6 37. axb4 Bxb4 38. c3 Be7 39. Rd7 a5 40. Nb5+ Ka6 41. Nc7+
Ka7 42. Nd5 Bf8 43. Rf7 Bc5 44. Nxf6 1-0

[Event "37th ECC Women 2022"]
[Site "Mayrhofen AUT"]
[Date "2022.10.03"]
[Round "1.6"]
[Board "2"]
[White "Kiolbasa, Oliwia"]
[Black "Belenkaya, Dina"]
[Result "1-0"]
[WhiteTitle "WIM"]
[BlackTitle "WGM"]
[WhiteElo "2404"]
[BlackElo "2263"]
[WhiteTeam "BGK KS Gwiazda Bydgoszcz"]
[BlackTeam "Haifa-Nesher"]
[WhiteFideId "1154613"]
[BlackFideId "24142654"]
[EventDate "2022.10.03"]

1. e4 c6 2. d4 d5 3. e5 c5 4. dxc5 e6 5. Nf3 Bxc5 6. Bd3 Ne7 7. Bf4 Qb6 8. O-O
Qxb2 9. Nbd2 Ng6 10. Bg3 Nc6 11. Nb3 Bb6 12. a4 Qc3 13. Re1 h6 14. h4 Qb4 15. a5
Bxa5 16. Nxa5 Nxa5 17. Bxg6 fxg6 18. Qd3 Nc6 19. Qxg6+ Kf8 20. Reb1 Qc4 21. c3
Ne7 22. Qc2 Nf5 23. Rb4 Qc5 24. Bh2 b6 25. Qb3 Bb7 26. g4 Ne7 27. Nd4 Qc8 28.
Nb5 Kg8 29. Rxa7 Rxa7 30. Nxa7 Qb8 31. Rxb6 Qxa7 32. Rxb7 Qa1+ 33. Kg2 Kf7 34.
Rxe7+ Kxe7 35. Qb7+ Kf8 36. Qc8+ Kf7 37. Qxh8 Qxc3 38. Qd8 Qc6 39. Qd6 Qb7 40.
Bf4 d4+ 41. f3 Qb2+ 42. Kg3 Qc3 43. Qd7+ Kf8 44. Qb5 d3 45. Qb1 g5 46. hxg5 hxg5
47. Bxg5 Qxe5+ 48. Bf4 Qe2 49. Qc1 Kf7 50. Qd2 Qf1 51. Qf2 Qd1 52. Bd2 Qb1 53.
Kg2 e5 54. Qe1 Qc2 55. Kg3 Qc7 56. Qe4 Qc2 57. Qe3 Qc7 58. Kf2 Qc2 59. Kg3 Kf6
60. g5+ Kf7 61. Kh4 Qb1 62. Kg4 Qf1 63. Kf5 Qh3+ 64. Kxe5 Qd7 65. Ke4 Qb5 66.
Qxd3 1-0

[Event "37th ECC Women 2022"]
[Site "Mayrhofen AUT"]
[Date "2022.10.03"]
[Round "1.6"]
[Board "4"]
[White "Cyfka, Karina"]
[Black "Orian, Noga"]
[Result "1-0"]
[WhiteTitle "IM"]
[WhiteElo "2347"]
[BlackElo "1940"]
[WhiteTeam "BGK KS Gwiazda Bydgoszcz"]
[BlackTeam "Haifa-Nesher"]
[WhiteFideId "1122681"]
[BlackFideId "2836475"]
[EventDate "2022.10.03"]

1. e4 c5 2. Nc3 Nc6 3. Bb5 Nd4 4. Nf3 a6 5. Bd3 g6 6. Nxd4 cxd4 7. Ne2 d5 8. e5
Bg7 9. f4 Qb6 10. a4 f6 11. a5 Qa7 12. O-O fxe5 13. fxe5 Bxe5 14. b3 Bf5 15. Kh1
Bxd3 16. cxd3 Nf6 17. Ng1 O-O 18. Qe2 Bd6 19. Qe6+ Kh8 20. Bb2 b5 21. Ne2 Qc7
22. Rac1 Qxa5 23. Bxd4 Qxd2 24. Rxf6 exf6 25. Bxf6+ Rxf6 26. Qxf6+ Kg8 27. Qxd6
Re8 28. Qxd5+ Kh8 29. Qd4+ Kg8 30. Rc7 Qe1+ 31. Ng1 Qe5 32. Qd7 1-0

[Event "37th ECC Women 2022"]
[Site "Mayrhofen AUT"]
[Date "2022.10.03"]
[Round "1.7"]
[Board "1"]
[White "Ptacnikova, Lenka"]
[Black "Sukandar, Irine Kharisma"]
[Result "1/2-1/2"]
[WhiteTitle "WGM"]
[BlackTitle "IM"]
[WhiteElo "2055"]
[BlackElo "2401"]
[WhiteTeam "Garðabaer Chessclub"]
[BlackTeam "Wood Green"]
[WhiteFideId "305650"]
[BlackFideId "7101937"]
[EventDate "2022.10.03"]

1. Nf3 Nf6 2. g3 d5 3. Bg2 e6 4. d4 c5 5. c4 dxc4 6. Qa4+ Nbd7 7. O-O a6 8. dxc5
Bxc5 9. Qxc4 b5 10. Qb3 Bb7 11. Nc3 O-O 12. Bf4 b4 13. Na4 Bd5 14. Qd1 Be7 15.
Rc1 Rc8 16. b3 Qa5 17. Nd2 Bxg2 18. Kxg2 Qd5+ 19. f3 e5 20. Be3 Ng4 21. Bg1 Rxc1
22. Qxc1 Bg5 23. Qc4 Qxd2 24. fxg4 Nf6 25. Nc5 h6 26. Nxa6 Nd5 27. Nc5 Rc8 28.
Qd3 Qxd3 29. Nxd3 Rc2 30. Kf3 Rxa2 31. Nxe5 Rb2 32. Ra1 Rxb3+ 33. Kg2 Ra3 34.
Rd1 Ne3+ 35. Bxe3 Rxe3 36. Nf3 Rxe2+ 37. Kf1 Rc2 38. Nxg5 hxg5 39. Rd8+ Kh7 40.
Rb8 Rc4 41. h3 Rc3 42. Kf2 b3 43. Rb5 Rc2+ 44. Kf3 b2 45. h4 f6 46. hxg5 fxg5
47. Rb6 Kg8 48. Ke4 Kf7 49. Kf5 Ke7 50. Kxg5 Kd7 51. Rb3 Kc7 52. Kf5 Rf2+ 53.
Kg5 Rd2 54. Kf5 Rf2+ 55. Kg5 Rg2 56. Kg6 Rxg3 57. Rxb2 Rxg4+ 58. Kf5 Rg1 59. Rd2
Kc6 60. Rd8 Kc5 61. Rd7 g6+ 62. Kf4 Kc4 63. Rd6 g5+ 64. Kf3 Re1 65. Kg4 1/2-1/2

[Event "37th ECC Women 2022"]
[Site "Mayrhofen AUT"]
[Date "2022.10.03"]
[Round "1.7"]
[Board "2"]
[White "Houska, Jovanka"]
[Black "Johannsdottir, Johanna Bjorg"]
[Result "1-0"]
[WhiteTitle "IM"]
[WhiteElo "2354"]
[BlackElo "1964"]
[WhiteTeam "Wood Green"]
[BlackTeam "Garðabaer Chessclub"]
[WhiteFideId "405094"]
[BlackFideId "2303108"]
[EventDate "2022.10.03"]

1. d4 Nf6 2. Nf3 e6 3. c4 b6 4. g3 Bb7 5. Bg2 Be7 6. O-O O-O 7. Nc3 Ne4 8. Bd2
f5 9. Rc1 Bf6 10. b4 Nc6 11. Be1 Ne7 12. Qb3 Rb8 13. e3 c5 14. Nxe4 Bxe4 15.
dxc5 bxc5 16. b5 Qc7 17. Bc3 Qb7 18. Ne1 Bxg2 19. Nxg2 Ng6 20. Rfd1 Ne5 21. Bxe5
Bxe5 22. Rd3 Rf7 23. Rcd1 Bf6 24. Qa3 Qc7 25. Qc1 g5 26. Qd2 Rd8 27. Rd6 Qb7 28.
Qe2 Qe4 29. a4 Bc3 30. f3 Qe5 31. R6d3 Ba5 32. f4 gxf4 33. Nxf4 Qe4 34. Rd6 Bc7
35. Nxe6 Bxd6 36. Nxd8 Rf6 37. Qd3 Qg4 38. Qd5+ Kf8 39. Rd2 f4 40. exf4 Bxf4 41.
Rf2 Ke7 42. Qxc5+ Kxd8 43. Qd4 Qe6 44. Rxf4 Qe1+ 45. Kg2 Rxf4 46. Qxf4 Qe2+ 47.
Kh3 Kc8 48. g4 Qe6 49. Qd4 Qf7 50. Kg3 h5 51. Qc5+ Kb8 52. gxh5 Qg7+ 53. Kf4
Qf6+ 54. Kg4 Qe6+ 55. Qf5 Qg8+ 56. Kf3 Qg7 57. h6 Qc3+ 58. Kg4 Kc8 59. Qf8+ Kc7
60. h7 Qa1 61. h8=Q Qg1+ 62. Kh3 Qe3+ 63. Kg2 Qg5+ 64. Kh3 Qe3+ 65. Kg4 Qg1+ 66.
Kf5 Qf1+ 67. Kg6 Qg2+ 68. Kf7 Qf3+ 69. Kg8 Qg4+ 70. Qhg7 Qxc4+ 71. Qff7 1-0

[Event "37th ECC Women 2022"]
[Site "Mayrhofen AUT"]
[Date "2022.10.03"]
[Round "1.7"]
[Board "3"]
[White "Thorsteinsdottir, Hallgerdur"]
[Black "Hunt, Harriet V"]
[Result "0-1"]
[WhiteTitle "WFM"]
[BlackTitle "IM"]
[WhiteElo "1959"]
[BlackElo "2359"]
[WhiteTeam "Garðabaer Chessclub"]
[BlackTeam "Wood Green"]
[WhiteFideId "2302454"]
[BlackFideId "403512"]
[EventDate "2022.10.03"]

1. e4 c5 2. Nf3 d6 3. Bb5+ Nd7 4. a4 a6 5. Be2 Ngf6 6. Nc3 b6 7. d4 cxd4 8. Qxd4
Bb7 9. O-O e6 10. Bg5 Qc7 11. Nd2 Qc5 12. Qxc5 bxc5 13. Rfe1 Be7 14. a5 h6 15.
Bh4 Ne5 16. Bg3 Nfd7 17. f4 Nc6 18. Nc4 Nd4 19. Bd3 O-O 20. f5 e5 21. Ne3 Rab8
22. Ncd5 Bxd5 23. Nxd5 Bd8 24. b3 c4 25. bxc4 Nc5 26. Bf2 Nxd3 27. cxd3 Nc2 28.
Nb6 Nxe1 29. Rxe1 Rb7 30. g4 Bg5 31. Rd1 Rfb8 32. Kg2 Bd8 33. Rb1 Bg5 34. Rd1 g6
35. h4 Bd8 36. Rb1 Kh7 37. Kf3 Kg7 38. Ke2 h5 39. g5 Bxb6 40. f6+ Kf8 41. axb6
Ke8 42. Ra1 Ra8 43. Ra5 Kd7 44. c5 dxc5 45. Bxc5 Rc8 46. Be3 Rc2+ 47. Kf3 Rc3
48. Rxa6 Rxd3 49. Ra7 Kc6 50. Ke2 Rb3 51. Ra5 Rb5 52. Ra8 Rb2+ 53. Kf3 Rb3 54.
Ke2 Rd7 55. Rc8+ Kb7 56. Rc4 Rb5 57. Ra4 Rb2+ 58. Ke1 Kc6 59. Rc4+ Kb7 60. Ra4
Rh2 61. Bf2 Rh1+ 62. Ke2 Rhd1 63. Be3 R1d6 64. Ra5 Re6 65. Bf2 Kc6 66. Be3 Re8
67. Ra7 Rxa7 68. bxa7 Rd8 69. Bf2 Kb5 70. Be3 Ka6 71. Bf2 Kb7 72. Be3 Rd6 73.
Bf2 Ra6 74. Be3 Ra3 75. Bc5 Rh3 76. Bf2 Rh2 77. Kf3 Rh3+ 78. Ke2 Ra3 79. Bc5
Ra2+ 80. Kf3 Kc6 81. Be3 Kb7 82. Bf2 Rxf2+ 83. Kxf2 Kxa7 84. Ke2 Kb6 85. Kd2 Kb5
86. Kd3 Kb4 87. Kd2 Kc4 88. Ke3 Kc3 0-1

[Event "37th ECC Women 2022"]
[Site "Mayrhofen AUT"]
[Date "2022.10.03"]
[Round "1.8"]
[Board "1"]
[White "Buksa, Nataliya"]
[Black "Katkov, Michelle"]
[Result "1/2-1/2"]
[WhiteTitle "IM"]
[BlackTitle "WFM"]
[WhiteElo "2413"]
[BlackElo "2219"]
[WhiteTeam "Blue & Yellow"]
[BlackTeam "Rishon Lezion Chess Club"]
[WhiteFideId "14123622"]
[BlackFideId "2816393"]
[EventDate "2022.10.03"]

1. e4 e5 2. Nf3 Nc6 3. Bb5 a6 4. Ba4 Nf6 5. Nc3 b5 6. Bb3 Bc5 7. Nd5 d6 8. c3 h6
9. d4 Ba7 10. a4 b4 11. O-O bxc3 12. bxc3 Rb8 13. dxe5 Nxe5 14. Nxe5 dxe5 15.
Nxf6+ Qxf6 16. Ba3 c5 17. Bc4 O-O 18. a5 Qg6 19. Qe2 Be6 20. Rab1 Bxc4 21. Qxc4
Qc6 22. Rfd1 Rb5 23. Rxb5 axb5 24. Qd5 Qc7 25. a6 b4 26. cxb4 cxb4 27. Bxb4 Rc8
28. Be1 Bd4 29. Qb7 Qc2 30. Rd2 Qc1 31. Kf1 Qc4+ 32. Kg1 Qc1 33. Re2 Rc7 34. Qb5
Ra7 35. Qa4 Kh7 36. g3 Qb1 37. Qa3 Qd1 38. Kf1 Qb1 39. Kg2 Qd1 40. Qf3 Rxa6 41.
Qf5+ Rg6 42. Kf1 Qb3 43. h4 1/2-1/2

[Event "37th ECC Women 2022"]
[Site "Mayrhofen AUT"]
[Date "2022.10.03"]
[Round "1.8"]
[Board "2"]
[White "Federovski, Adi"]
[Black "Gaponenko, Inna"]
[Result "0-1"]
[BlackTitle "IM"]
[WhiteElo "1967"]
[BlackElo "2348"]
[WhiteTeam "Rishon Lezion Chess Club"]
[BlackTeam "Blue & Yellow"]
[WhiteFideId "2813777"]
[BlackFideId "14101181"]
[EventDate "2022.10.03"]

1. e4 c5 2. Nc3 Nc6 3. Bb5 Nd4 4. Nf3 a6 5. Bd3 Nc6 6. O-O d6 7. Nd5 e6 8. Ne3
g6 9. c3 Bg7 10. Bc2 Nf6 11. d4 cxd4 12. Nxd4 O-O 13. Nxc6 bxc6 14. e5 dxe5 15.
Qxd8 Rxd8 16. Nc4 Nd5 17. Ba4 Bd7 18. Re1 f6 19. Na5 Rdc8 20. Be3 Bf8 21. Rad1
Be8 22. Bb3 Rab8 23. Re2 Be7 24. Bc4 Rd8 25. Rc1 Kf7 26. Nb3 Nxe3 27. fxe3 Rb6
28. Rcc2 Rd1+ 29. Kf2 Rh1 30. Kg3 e4 31. Red2 c5 32. Rc1 Rxc1 33. Nxc1 a5 34.
Ne2 f5 35. h4 Kf6 36. Nf4 h6 37. b3 g5 38. Nh3 Rd6 39. Rc2 Rd1 40. Be2 Rd8 41.
hxg5+ hxg5 42. Kf2 g4 43. Ng1 e5 44. g3 Bg6 45. Rb2 Kg5 46. Bf1 f4 47. gxf4+
exf4 48. exf4+ Kxf4 49. Ne2+ Ke5 50. Kg3 Rd3+ 51. Kg2 e3 52. Rb1 Rd2 53. Re1 Bh4 0-1

[Event "37th ECC Women 2022"]
[Site "Mayrhofen AUT"]
[Date "2022.10.03"]
[Round "1.8"]
[Board "3"]
[White "Doluhanova, Evgeniya"]
[Black "Reprun, Nadejda"]
[Result "1/2-1/2"]
[WhiteTitle "WGM"]
[WhiteElo "2264"]
[BlackElo "1968"]
[WhiteTeam "Blue & Yellow"]
[BlackTeam "Rishon Lezion Chess Club"]
[WhiteFideId "14112035"]
[BlackFideId "2806843"]
[EventDate "2022.10.03"]

1. e4 c6 2. Nf3 d5 3. d3 Bg4 4. h3 Bxf3 5. Qxf3 e6 6. g3 Bc5 7. Bg2 Nd7 8. Qe2
Ne7 9. O-O O-O 10. c3 dxe4 11. d4 Bd6 12. Bxe4 Re8 13. Nd2 Nd5 14. Nc4 Bc7 15.
Qc2 N5f6 16. Bg2 h6 17. Bd2 Rc8 18. Rad1 b5 19. Ne5 Bxe5 20. dxe5 Nd5 21. Rfe1
Qc7 22. Qe4 c5 23. Qe2 c4 24. Bc1 Nc5 25. Qg4 f5 26. exf6 Nxf6 27. Qh4 Nd3 28.
Re2 Nxc1 29. Rxc1 Rcd8 30. Rce1 e5 31. g4 Nd5 32. Bxd5+ Rxd5 33. Qh5 Re7 34. Qf5
Qc5 35. Re3 a5 36. a3 Rf7 37. Qe6 Kf8 38. Qa6 Kg8 39. Qe6 Kf8 40. Qg6 Kg8 41.
Qc2 Qd6 42. Qe4 Rf4 43. Qg2 Kh7 44. g5 hxg5 45. Qxg5 e4 46. Qg2 Qf6 47. R1e2
Rd1+ 48. Kh2 Qd6 49. Qg3 Rd3 50. Kg2 Qf6 51. Kg1 Rd5 52. Qg2 Rd1+ 53. Re1 Rxe1+
54. Rxe1 Qf5 55. Re3 Rf3 56. Rxf3 exf3 57. Qg4 Qb1+ 58. Kh2 Qxb2 59. Qh5+ Kg8
60. Qe8+ 1/2-1/2

[Event "37th ECC Women 2022"]
[Site "Mayrhofen AUT"]
[Date "2022.10.03"]
[Round "1.8"]
[Board "4"]
[White "Vardi, Shlomit"]
[Black "Tarleva, Diana"]
[Result "1/2-1/2"]
[BlackTitle "WGM"]
[WhiteElo "1769"]
[BlackElo "2175"]
[WhiteTeam "Rishon Lezion Chess Club"]
[BlackTeam "Blue & Yellow"]
[WhiteFideId "2801442"]
[BlackFideId "14107244"]
[EventDate "2022.10.03"]

1. e4 d6 2. d4 Nf6 3. Nc3 c6 4. f4 g6 5. Nf3 Bg7 6. Bd3 O-O 7. O-O Bg4 8. Be3 e5
9. h3 Bxf3 10. Qxf3 Nh5 11. dxe5 dxe5 12. f5 Nf4 13. Bc4 Qe7 14. Kh1 Nd7 15. g3
Nh5 16. a4 Kh8 17. Rg1 Qb4 18. Bb3 Nc5 19. g4 Nxb3 20. cxb3 Nf4 21. g5 f6 22.
Bxf4 exf4 23. e5 fxe5 24. f6 Bxf6 25. gxf6 Qxb3 26. Rae1 Rae8 27. Rg5 Rxf6 28.
Rgxe5 Rxe5 29. Rxe5 Qxb2 30. Re8+ Kg7 31. Re2 Qa3 32. Rf2 Qc1+ 33. Kg2 Qe3 34.
Ne4 1/2-1/2

[Event "37th ECC Women 2022"]
[Site "Mayrhofen AUT"]
[Date "2022.10.04"]
[Round "2.1"]
[Board "1"]
[White "Muzychuk, Anna"]
[Black "Kashlinskaya, Alina"]
[Result "1/2-1/2"]
[WhiteTitle "GM"]
[BlackTitle "IM"]
[WhiteElo "2534"]
[BlackElo "2482"]
[WhiteTeam "Cercle d'Echecs de Monte-Carlo"]
[BlackTeam "BGK KS Gwiazda Bydgoszcz"]
[WhiteFideId "14111330"]
[BlackFideId "4198026"]
[EventDate "2022.10.03"]

1. e4 e5 2. Nf3 Nf6 3. Nxe5 d6 4. Nf3 Nxe4 5. Bd3 Nf6 6. h3 Be7 7. O-O O-O 8. c3
b6 9. Re1 Bb7 10. Bf1 Nbd7 11. d4 Re8 12. c4 c5 13. d5 b5 14. cxb5 Nxd5 15. Nbd2
N5f6 16. Nc4 d5 17. Ne3 Bf8 18. a4 d4 19. Nc4 Bxf3 20. gxf3 Qc7 21. Bg5 h6 22.
Bxf6 Nxf6 23. Qd2 Nd5 24. Rxe8 Rxe8 25. Re1 Rxe1 26. Qxe1 Nb6 27. a5 Nxc4 28.
Bxc4 Qd8 29. b6 d3 30. Qd2 axb6 31. a6 b5 32. Bxb5 c4 33. Bxc4 Bc5 34. Bxd3 Qg5+
35. Qxg5 hxg5 36. Kf1 Kf8 37. Ke2 Ke7 38. Be4 Kd6 39. b4 Ba7 40. Bb7 Ke5 41. Bc6 1/2-1/2

[Event "37th ECC Women 2022"]
[Site "Mayrhofen AUT"]
[Date "2022.10.04"]
[Round "2.1"]
[Board "2"]
[White "Kiolbasa, Oliwia"]
[Black "Stefanova, Antoaneta"]
[Result "1/2-1/2"]
[WhiteTitle "WIM"]
[BlackTitle "GM"]
[WhiteElo "2404"]
[BlackElo "2440"]
[WhiteTeam "BGK KS Gwiazda Bydgoszcz"]
[BlackTeam "Cercle d'Echecs de Monte-Carlo"]
[WhiteFideId "1154613"]
[BlackFideId "2902257"]
[EventDate "2022.10.03"]

1. e4 e5 2. Nf3 Nc6 3. Bb5 Nf6 4. d3 Bc5 5. O-O d6 6. c3 O-O 7. h3 Ne7 8. Re1 c6
9. Ba4 Ng6 10. Bc2 Re8 11. d4 Bb6 12. Na3 d5 13. Nxe5 Nxe4 14. Nxg6 hxg6 15. Bf4
Bf5 16. f3 Nd6 17. Rxe8+ Nxe8 18. Bxf5 gxf5 19. Qd3 Qd7 20. Re1 Bc7 21. Bxc7
Nxc7 22. Nc2 Re8 23. Rxe8+ Nxe8 24. Qe2 Nd6 25. Nb4 f6 26. Nd3 Kf7 27. Kf2 Qc8
28. Kg1 b6 29. h4 g6 30. Nf4 Qd7 31. Kf2 Nc8 32. Kg1 1/2-1/2

[Event "37th ECC Women 2022"]
[Site "Mayrhofen AUT"]
[Date "2022.10.04"]
[Round "2.1"]
[Board "3"]
[White "Cramling, Pia"]
[Black "Antolak, Julia"]
[Result "1-0"]
[WhiteTitle "GM"]
[BlackTitle "WGM"]
[WhiteElo "2459"]
[BlackElo "2315"]
[WhiteTeam "Cercle d'Echecs de Monte-Carlo"]
[BlackTeam "BGK KS Gwiazda Bydgoszcz"]
[WhiteFideId "1700030"]
[BlackFideId "1159569"]
[EventDate "2022.10.03"]

1. Nf3 Nf6 2. c4 c5 3. Nc3 d5 4. cxd5 Nxd5 5. Qa4+ Nc6 6. Ne5 Nxc3 7. dxc3 Qa5
8. Qxa5 Nxa5 9. e4 a6 10. b4 cxb4 11. cxb4 Nc6 12. Nxc6 bxc6 13. Bd2 e6 14. Rc1
Bb7 15. Bd3 Be7 16. Ke2 O-O 17. Rc2 Rfd8 18. Rb1 Rd7 19. Rb3 Rad8 20. Be3 h6 21.
Bb6 Ra8 22. Rc4 Bd8 23. Bxd8 Raxd8 24. Ke3 Kf8 25. Rc5 g5 26. Ra5 Kg7 27. h3 Ra8
28. g3 Kf8 29. Be2 Ke7 30. Rba3 Rb8 31. Rc3 Ra8 32. h4 f6 33. Rca3 Rb8 34. hxg5
hxg5 35. Rc3 Ra8 36. Rc1 Kf7 37. Rh1 Kg7 38. f4 Rad8 39. fxg5 f5 40. Rh6 c5 41.
Rxc5 Bxe4 42. Rxe6 Bd5 43. Rxa6 Re7+ 44. Kf2 Bf7 45. Rc2 Rd4 46. b5 f4 47. b6
fxg3+ 48. Kxg3 Rd5 49. Ra4 Rb7 50. Rc7 Rxg5+ 51. Kf4 Rxc7 52. bxc7 Rc5 53. Ra7
Kf6 54. Bg4 Be6 55. Ra6 Rc4+ 56. Ke3 1-0

[Event "37th ECC Women 2022"]
[Site "Mayrhofen AUT"]
[Date "2022.10.04"]
[Round "2.1"]
[Board "4"]
[White "Cyfka, Karina"]
[Black "Paehtz, Elisabeth"]
[Result "0-1"]
[WhiteTitle "IM"]
[BlackTitle "IM"]
[WhiteElo "2347"]
[BlackElo "2469"]
[WhiteTeam "BGK KS Gwiazda Bydgoszcz"]
[BlackTeam "Cercle d'Echecs de Monte-Carlo"]
[WhiteFideId "1122681"]
[BlackFideId "4641833"]
[EventDate "2022.10.03"]

1. d4 d5 2. c4 c6 3. Nf3 Nf6 4. e3 a6 5. Nc3 b5 6. b3 Bg4 7. Be2 e6 8. O-O Nbd7
9. Bb2 Bd6 10. Qc2 Qb8 11. h3 Bf5 12. Qc1 h6 13. a4 b4 14. Na2 O-O 15. Qe1 a5
16. Nc1 Ne4 17. cxd5 exd5 18. Nd3 f6 19. Rc1 Qb7 20. Qd1 Rac8 21. Nh4 Bh7 22.
Bh5 g5 23. Nf3 Bb8 24. Bg4 Rcd8 25. Bh5 Qc7 26. Re1 Qd6 27. Re2 Bf5 28. Re1 Rc8
29. Qe2 Kh7 30. Red1 Bg6 31. Bxg6+ Kxg6 32. g3 Rfe8 33. Re1 Kg7 34. Rc2 Qe6 35.
Qf1 Qf5 36. Kg2 Bd6 37. Qe2 Nb8 38. Nh2 Qg6 39. Nf1 Bf8 40. Rec1 h5 41. f3 Nd6
42. g4 Rc7 43. Rc5 Ra7 44. Nf2 h4 45. Qd3 Qf7 46. e4 Nb7 47. R5c2 Nd8 48. Qe3
Kg8 49. Nd2 Ne6 50. Nd3 Bd6 51. e5 fxe5 52. dxe5 Bf8 53. Rf1 Qh7 54. Kh2 Rf7 55.
Rcc1 c5 56. Rce1 Nd7 57. Rf2 Bh6 58. Rff1 Qg6 59. Rc1 Bf8 60. Rf2 Nf4 61. Nxf4
Rxf4 62. Qe1 Re6 63. Re2 Bg7 64. Kg2 Kh7 65. Ba1 d4 66. Nc4 Qd3 67. Qf1 Qxb3 68.
Re4 Rxe4 69. fxe4 Qg3+ 70. Kh1 Nxe5 71. Qf5+ Rg6 72. Nxe5 Bxe5 73. Qf7+ Kh6 74.
Qf8+ Bg7 75. Qxc5 Qxh3+ 76. Kg1 Qxg4+ 77. Kh2 Qxe4 0-1

[Event "37th ECC Women 2022"]
[Site "Mayrhofen AUT"]
[Date "2022.10.04"]
[Round "2.2"]
[Board "1"]
[White "Salimova, Nurgyul"]
[Black "Bulmaga, Irina"]
[Result "0-1"]
[WhiteTitle "IM"]
[BlackTitle "IM"]
[WhiteElo "2415"]
[BlackElo "2417"]
[WhiteTeam "SK Erste Bank Baden"]
[BlackTeam "CSU ASE Superbet"]
[WhiteFideId "2915138"]
[BlackFideId "13903063"]
[EventDate "2022.10.03"]

1. d4 Nf6 2. Nf3 e6 3. Bg5 c5 4. e3 Nc6 5. Nbd2 h6 6. Bxf6 gxf6 7. c3 d5 8. Bb5
a6 9. Bxc6+ bxc6 10. O-O Rg8 11. Re1 f5 12. Qc2 c4 13. b3 cxb3 14. Nxb3 f6 15.
c4 Ra7 16. Rab1 Rag7 17. g3 Bd6 18. cxd5 cxd5 19. Rec1 Rc7 20. Qe2 Ba3 21. Rxc7
Qxc7 22. Nh4 Rg5 23. Nc5 Bxc5 24. Rc1 Bd7 25. Rxc5 Qb7 26. Rc1 Bb5 27. Qb2 Rg7
28. Rb1 Qc8 29. Qd2 Rc7 30. Qd1 Rc2 31. Qh5+ Ke7 32. Qd1 Qc3 33. Ng6+ Kd6 34.
Nf4 Rxa2 35. g4 Qc2 36. Qxc2 Rxc2 37. gxf5 exf5 38. Kg2 Kc6 39. Kf3 a5 40. Ne6
a4 41. Nd8+ Kb6 42. Nb7 a3 43. Nd6 Rb2 44. Ra1 a2 45. Nxf5 Bc4 46. Nd6 Bb3 0-1

[Event "37th ECC Women 2022"]
[Site "Mayrhofen AUT"]
[Date "2022.10.04"]
[Round "2.2"]
[Board "2"]
[White "Saduakassova, Dinara"]
[Black "Roebers, Eline"]
[Result "1/2-1/2"]
[WhiteTitle "IM"]
[WhiteElo "2434"]
[BlackElo "2352"]
[WhiteTeam "CSU ASE Superbet"]
[BlackTeam "SK Erste Bank Baden"]
[WhiteFideId "13700090"]
[BlackFideId "1058401"]
[EventDate "2022.10.03"]

1. c4 e6 2. Nf3 d5 3. d4 c6 4. Nbd2 f5 5. g3 Bd6 6. Bg2 Nh6 7. Ne5 O-O 8. Ndf3
Nf7 9. Bf4 Bb4+ 10. Bd2 Bd6 11. Nxf7 Rxf7 12. O-O b6 13. Ne5 Bxe5 14. dxe5 Nd7
15. cxd5 cxd5 16. Bc3 Ba6 17. a4 Qc7 18. Qd2 Qc4 19. Bd4 Qxe2 20. Qxe2 Bxe2 21.
Rfc1 Nc5 22. Ra3 Rd8 23. Bf1 Bxf1 24. Kxf1 f4 25. Kg2 Rdf8 26. f3 h5 27. a5 Rc7
28. axb6 axb6 29. b4 Na6 30. Rxc7 Nxc7 31. Bxb6 Nb5 32. Ra5 Nc3 33. Bc5 Rc8 34.
gxf4 Kf7 35. Kf2 d4 36. Bxd4 Rc4 37. Bxc3 Rxc3 38. Kg3 Kg6 39. Ra7 Rb3 40. Rb7
Rb2 41. Re7 Rxb4 42. Rxe6+ Kf5 43. Re7 h4+ 44. Kg2 Kxf4 45. e6 Kf5 46. Rxg7 Kxe6
47. Rg4 Rb2+ 48. Kh3 Rf2 49. Rf4 Ke5 50. Rf8 Ke6 51. Kxh4 Rxh2+ 52. Kg5 Ke7 53.
Ra8 Rg2+ 54. Kf5 Rb2 55. f4 Rb6 56. Kg5 Kf7 57. f5 Rc6 58. Ra7+ Kf8 59. Kf4 Rb6
60. Ke5 Rb5+ 61. Kf6 Rb6+ 62. Kg5 Rc6 63. f6 Rc1 64. Kg6 Rg1+ 65. Kf5 Rf1+ 66.
Kg6 Rg1+ 67. Kf5 1/2-1/2

[Event "37th ECC Women 2022"]
[Site "Mayrhofen AUT"]
[Date "2022.10.04"]
[Round "2.2"]
[Board "3"]
[White "Wagner, Dinara"]
[Black "Atalik, Ekaterina"]
[Result "1-0"]
[WhiteTitle "WGM"]
[BlackTitle "IM"]
[WhiteElo "2390"]
[BlackElo "2406"]
[WhiteTeam "SK Erste Bank Baden"]
[BlackTeam "CSU ASE Superbet"]
[WhiteFideId "24157570"]
[BlackFideId "4130189"]
[EventDate "2022.10.03"]

1. d4 Nf6 2. c4 e6 3. Nf3 d5 4. g3 Bb4+ 5. Bd2 Be7 6. Bg2 O-O 7. O-O Nbd7 8. Qc2
Ne4 9. Bf4 c6 10. Nc3 g5 11. Be3 f5 12. Rad1 Bf6 13. Nxe4 fxe4 14. Ne5 Qe7 15.
f3 exf3 16. Rxf3 Nxe5 17. dxe5 Bxe5 18. cxd5 exd5 19. Bc5 Bd6 20. Bxd6 Qxd6 21.
Rxf8+ Qxf8 22. e4 d4 23. Qc4+ Qf7 24. Qxd4 Bg4 25. Rf1 Qe7 26. e5 Be6 27. Rf6
Bxa2 28. Qe3 Re8 29. Qxg5+ Kh8 30. h4 Bg8 31. e6 Bxe6 32. Qe5 Kg8 33. h5 Bb3 34.
Qg5+ Qg7 35. Qf4 Rf8 36. Rxf8+ Qxf8 37. Qe3 Bf7 38. Qxa7 Bxh5 39. Qxb7 Qc5+ 40.
Kh2 1-0

[Event "37th ECC Women 2022"]
[Site "Mayrhofen AUT"]
[Date "2022.10.04"]
[Round "2.2"]
[Board "4"]
[White "Efroimski, Marsel"]
[Black "Heinemann, Josefine"]
[Result "1-0"]
[WhiteTitle "IM"]
[BlackTitle "WGM"]
[WhiteElo "2462"]
[BlackElo "2318"]
[WhiteTeam "CSU ASE Superbet"]
[BlackTeam "SK Erste Bank Baden"]
[WhiteFideId "2810964"]
[BlackFideId "12900460"]
[EventDate "2022.10.03"]

1. e4 e5 2. Nf3 Nc6 3. Bb5 a6 4. Ba4 Nf6 5. Nc3 b5 6. Bb3 Bc5 7. Nd5 d6 8. c3 h6
9. d4 Ba7 10. Nxf6+ Qxf6 11. Bd5 Bd7 12. a4 O-O 13. axb5 axb5 14. Be3 Qe7 15.
O-O Bb6 16. Rxa8 Rxa8 17. dxe5 dxe5 18. Bxb6 cxb6 19. b4 Rc8 20. Qd3 Nd8 21. h3
Ne6 22. Nxe5 Nf4 23. Bxf7+ Qxf7 24. Qxd7 Ne2+ 25. Kh2 Qxd7 26. Nxd7 Nxc3 27.
Nxb6 Rb8 28. Nd7 Rd8 29. Nc5 Rd4 30. f3 Rxb4 31. Rc1 Ne2 32. Nd3 Rd4 33. Rc2
Rxd3 34. Rxe2 b4 35. Rb2 b3 36. Kg1 Rc3 37. Kf1 Rc2 38. Rxb3 g5 39. Rb7 Ra2 40.
Kg1 Rc2 41. Kh2 Ra2 42. h4 gxh4 43. Kh3 Re2 44. Re7 Rf2 45. Re5 Kg7 46. Rh5 Kg6
47. Rxh4 h5 48. Rf4 Ra2 49. Rf8 Re2 50. Rg8+ Kh6 51. g4 hxg4+ 52. Rxg4 Ra2 53.
Kg3 Ra8 54. Kf4 Rf8+ 55. Ke3 Ra8 56. e5 1-0